World Chicken Population Quiz Stats

 Plays Quiz Updated Mar 27, 2018

Score 0/30 Timer 05:00
4 Plays Today
Rank Country % Correct
2United States
98.9%
1China
97.6%
7Mexico
91%
8Russia
89.7%
4Brazil
89.5%
5India
89.4%
28France
89.2%
22Canada
88.4%
21United Kingdom
87.7%
19Japan
83.4%
30Spain
82.4%
17South Africa
71.8%
6Iran
63.6%
3Indonesia
63.3%
9Pakistan
63.2%
Rank Country % Correct
11Turkey (Ha!)
62.5%
26South Korea
61.5%
14Vietnam
58.2%
10Thailand
55.5%
23Philippines
50.4%
24Colombia
47.8%
18Ukraine
46.9%
29Saudi Arabia
45.1%
16Nigeria
44.6%
25Myanmar
42.6%
12Bangladesh
39.5%
13Malaysia
39.2%
20Morocco
32.8%
15Bolivia
31.3%
27Ecuador
24.4%

You're not logged in!

Compare scores with friends on all Sporcle quizzes.
OR
Log In

Sporcle TV

Today on Sporcle TV


Watch our educational content, quiz creation guides, and fun videos on Sporcle TV.

Show Comments

Extras

Top Quizzes Today


Score Distribution

Your Account Isn't Verified!

In order to create a playlist on Sporcle, you need to verify the email address you used during registration. Go to your Sporcle Settings to finish the process.

Report this User

Report this user for behavior that violates our Community Guidelines.

Details: